000
00196 a2200097 4500
001
15810
100
_a
Arco
245
_a
Elements of debate
260
_a
New York
_b
Arco
_c
090
_c
12360
_d
12360
942
_a
NUST-CAE
_c
M
_c
2626
999
_c
250883
_d
250883